000 01322namaa22003251i 4500
005 20260228122435.0
008 260203s1995 ua a|||frm||| 000 0 eng d
040 _aEG-GICUC
_beng
_cEG-GICUC
_dEG-GICUC
_erda
041 0 _aeng
_beng
_bara
049 _aDeposit
097 _aPh.D
099 _aCai01.13.01.Ph.D.1995.Mo.A
100 0 _aMohamed M. Elmaadawy,
_epreparation.
245 1 0 _aAircraft acquisition and operation in a total quality environment /
_b
_cBy Mohamed M. Elmaadawy ; Supervision Prof. Dr. S. D. Hassan, Prof. Dr. H. M. Negm, Prof. Dr. A. O. Sherif.
246 1 5 _aتدبير وتشغيل الطائرات في بيئة جودة شاملة
264 0 _c1995.
300 _a154 pages
_billustrations
_c25 cm. +
336 _2rda content
_atext
337 _2rdamedia
_aUnmediated
338 _2rdacarrier
_avolume
502 _aThesis (Ph.D)-Cairo University, 1995.
504 _aBibliography: pages 128-130
653 0 _aaircraft acquisition and operation
700 0 _aS. D. Hassan
_ethesis advisor.
700 0 _aH. M. Negm
_ethesis advisor.
700 0 _aA. O. Sherif
_ethesis advisor.
900 _DDepartment of Aeronautical Engineering
_FFaculty of Engineering
_UCairo University
_b1995
_cS. D. Hassan
_cH. M. Negm
_cA. O. Sherif
905 _aNehad
_eNourhan
942 _2ddc
_cTH
_e21
_n0
999 _c178146